LIBRARY & INFORMATION CENTRE, KCAET, TAVANUR

ONLINE PUBLIC ACCESS CATALOGUE (OPAC)

Prathikaaram (Record no. 7943)

MARC details
000 -LEADER
fixed length control field 00292cam a2200121ua 4500
003 - CONTROL NUMBER IDENTIFIER
control field OSt
008 - FIXED-LENGTH DATA ELEMENTS--GENERAL INFORMATION
fixed length control field 210118b ||||| |||| 00| 0 eng d
082 ## - DEWEY DECIMAL CLASSIFICATION NUMBER
Classification number 666.71
Item number IND/GU
245 00 - TITLE STATEMENT
Title Prathikaaram
260 ## - PUBLICATION, DISTRIBUTION, ETC. (IMPRINT)
Place of publication New Delhi :
Name of publisher Indian Standards Institution ,
Year of publication 1978.
300 ## - PHYSICAL DESCRIPTION
Number of Pages 8 ; .
942 ## - ADDED ENTRY ELEMENTS (KOHA)
Koha item type Books
Holdings
Withdrawn status Lost status Damaged status Home library Current library Date acquired Full call number Accession Number Koha item type
Withdrawn     KAUAET KAUAET 07/04/2012 666.71 1754 Reference
free website counter